| 000 | 00467nam a22001817a 4500 | ||
|---|---|---|---|
| 003 | OSt | ||
| 005 | 20190204172108.0 | ||
| 008 | 160517b xxu||||| |||| 00| 0 eng d | ||
| 020 | _aNA | ||
| 040 | _c0 | ||
| 050 | _aD127 | ||
| 082 |
_222 _a389.99541 _b1 |
||
| 100 | _aDhendup, Cheki. | ||
| 245 | _aThe story of a monkey and a bird / | ||
| 260 |
_aThimphu: Bhutan, _bDzongkha Development Commission, _cc1999. |
||
| 300 |
_a108p. ; _bill. ; _c15 cm. |
||
| 942 |
_2ddc _cDZ _01 |
||
| 999 |
_c6396 _d6396 |
||